National Capitals on International Borders - Statistics

General Stats
  • This quiz has been taken 64 times
  • The average score is 19 of 20
Answer Stats
Country Capital Bordering Country % Correct
Central African Republic Bangui Democratic Republic of the Congo
100%
Republic of the Congo Brazzaville Democratic Republic of the Congo
100%
Democratic Republic of the Congo Kinshasa Republic of the Congo
100%
Andorra Andorra la Vella Spain
100%
Monaco Monaco France
98%
Botswana Gaborone South Africa
98%
Lesotho Maseru South Africa
98%
Slovakia Bratislava Austria
96%
Slovakia Bratislava Hungary
96%
San Marino San Marino Italy
96%
Vatican City Vatican City Italy
96%
Singapore Singapore Malaysia
96%
Liechtenstein Vaduz Switzerland
96%
Italy Rome Vatican City
96%
Singapore Singapore Indonesia
94%
Laos Vientiane Thailand
94%
Paraguay Asunción Argentina
92%
Togo Lomé Ghana
87%
Chad N'Djamena Cameroon
69%
Japan Tokyo United States
60%
No matching quizzes found
Score Distribution
Percent of People with Each Score
Percentile by Number Answered
Your Score History
You have not taken this quiz